00754nam#a22002895a#4500001000400000008004100004245004100045250001200086260003200098300004200130490003900172100001500211080000800226084000800234653001600242653002400258653002200282653001700304653001700321653001700338653002600355653002300381653001100404040002300415005001700438003000900455995100226s1964####sp#####f#f####001#0#spa#d10aCosechas bajo cubierto /cW. G. Fry. a1ª ed. aZaragoza :bACRIBIA,c1964. a165 p. :bfot. byn., tablas ;c20 cm.0 aManuales de Técnica Agropecuaria1 aFry, W. G. a631 aF83 aAgricultura aSistemas de cultivo aFaenas de cultivo aHorticultura aFruticultura aFloricultura aCosechas de primavera aCosechas de verano aPlagas aAR-ClEAGcAR-ClEAG20241107184654.0AR-ClEAG